Statistics for 1M+ Cities By Letter On A Map - B

Click here to take the quiz!

General Stats

  • This quiz has been taken 300 times
  • The average score is 23 of 32

Answers on the Map

Answers color-coded by a green-red scale on the quiz's map according to % correct below.
 

Answer Stats

PopulationCity% Correct
11,716,620Beijing
97%
7,674,366Bogota
97%
13,076,300Buenos Aires
97%
1,621,537Barcelona
96%
1,019,022Brussels
96%
1,741,041Budapest
96%
3,426,354Berlin
95%
7,216,000Baghdad
94%
2,207,718Brasilia
94%
1,877,155Bucharest
94%
1,273,651Belgrade
93%
2,189,878Brisbane
92%
5,104,476Bangkok
91%
1,116,513Baku
88%
1,916,100Beirut
88%
5,104,047Bengaluru
86%
2,373,224Belo Horizonte
85%
3,678,555Busan
84%
1,284,609Brazzaville
83%
1,297,281Bamako
80%
1,407,737Belem
70%
1,380,425Barranquilla
65%
1,699,719Bandung
62%
2,600,000Basrah
59%
1,412,701Bursa
52%
1,125,058Benin City
48%
1,599,914Bhopal
42%
1,301,768Baotou
17%
1,164,352Batam
15%
1,520,119Bekasi
10%
1,760,000Bayan Nur
4%
1,273,715Budta
3%

Score Distribution

Percentile by Number Answered

Percent of People with Each Score

Your Score History

You have not taken this quiz